Statistics for European Country Quiz - Hard

Click here to take the quiz!

General Stats

  • This quiz has been taken 44 times
  • The average score is 14 of 15

Answer Stats

CapitalAnswer% Correct
MinskBelarus
100%
ReykjavikIceland
100%
RigaLatvia
100%
VilniusLithuania
100%
TallinnEstonia
98%
VallettaMalta
98%
PodgoricaMontenegro
95%
BratislavaSlovakia
95%
LjubljanaSlovenia
95%
TiranaAlbania
93%
SarajevoBosnia and Herzegovina
93%
PristinaKosovo
93%
SkopjeMacedonia
93%
ChisinauMoldova
88%
VaduzLiechtenstein
86%

Score Distribution

Percentile by Number Answered

Percent of People with Each Score

Your Score History

You have not taken this quiz